000 00658nam a2200241Ia 4500
003 OSt
005 20220918182607.0
006 a|||||r|||| 00| 0
007 ta
008 220917b |||||||| |||| 00| 0 eng d
024 _a33,253
037 _cTextual
040 _aARTS
_cARTS
_beng
041 _2eng
_aeng
082 _aO11196,2xN, L6.2
100 _aUdensi Uwa
_960633
245 0 _aAfrican plays for playing ed by Michael
260 _aLondon
_bHeinemann
_c1976
490 _aAfrican writers series; 179
650 _aENGLISH LITERATURE
942 _hO11196,2xN, L6.2
_cTEXL
_2CC
999 _c169553
_d169553